| 000 | 00392nam a2200157Ia 4500 | ||
|---|---|---|---|
| 003 | GCL | ||
| 008 | 140319s9999 xx 000 0 ara d | ||
| 040 |
_aGCL / _cGCL |
||
| 082 | 0 | 4 |
_a812 _bل ا |
| 100 | 1 | _aلطفى الخولى | |
| 245 | 1 | 0 |
_aالارانب / _cلطفى الخولى |
| 490 |
_aالمسرحية _v0 |
||
| 650 | 0 | 4 | _aمصر |
| 650 | 0 | 4 | _aالمسرحيات |
| 942 |
_2ddc _cBK |
||
| 999 |
_c41821 _d41821 |
||